000 02291aab a2200193 i 4500
001 768714001
003 CO-MdFUSB
005 20240422083439.0
008 221010s1995 ag ||||| |||| 00| 0 spa d
040 _bspa
_cCO-MdFUSB
_dCO-MdFUSB
041 _aspa
100 1 _aRoberts, W. Dayton
_eautor
245 1 3 _aLa crisis ecológica :
_buna laguna alarmante en nuestra agenda misionológica
_c/ W. Dayton Roberts
300 _aVolumen 14, número 4 (octubre - diciembre, 1995), páginas 6 - 10
_c; 27 cm
520 _aLista de convicciones que presentan en resumen las creencias fundamentales acerca del medio ambiente, desde una perspectiva cristiana: 1: Por el acto creativo de Dios existe un equilibrio delicado entre la materia y la energía solar. 2. Con mucha facilidad pueden los humanos estorbar ese equilibrio, empujando nuestro planeta hacia un estado de sobrecarga y desastre. 3. Podemos culpar al pecado de nuestro desequilibrio destructivo: la desobediencia de los mandatos de Dios, la negligencia de sus asignaciones, la falta de amor y respeto para con su creación, el descuido, la avaricia y el aprovechamiento egoísta de los recursos planetarios. 4.La crisis del medio ambiente, percibida desde hace muchos años por los científicos, ya no es una serie de carestías y contaminaciones regionales, sino es global y universal en su impacto, lo que requiere una atención tanto mundial e internacional como también concertada. 5. Como ocurre con una enfermedad complicada, el deterioro del medio ambiente es para cualquier persona difícil de comprender, definir o diagnosticar y la cura es todavía más elusiva. 6. la iglesia cristiana frente a este reto, debe reconocer la necesidad de efectuar una toma de conciencia ambiental dentro de sus feligreses y de incorporarla en su misión mundial. 7. Desde una perspectiva estrictamente misionológica, nosotros los cristianos debemos estar listos a: modelar una vida moderada y dedicada al cuidado de los pobres, tal como Jesucristo. Saturar nuestros programas de desarrollo (entre los más pobres de la tierra).
650 7 _97097
_aEcología humana
_xAspectos religiosos
773 0 _tIglesia y Misión
_049402
_959642
_gVolumen 14, número 4 (octubre - diciembre, 1995), páginas 6 - 10
_qPáginas 6
942 _cANA
999 _c52149
_d52149